00608nam a22001697a 4500082001800000100002300018100003100041100001700072245008500089250000900174260012300183300001000306650003600316650004500352650002500397650001600422 aM08 bMOY/M.1 aMoyinkutty Vaidyar aMuhammed Abdul Kareem K K aAboobacker K aMahakavi Moyinkutty vaidyarude sampoorna krithikal (v.1)/cby Moyinkutty Vaidyar a2nd. aMalappuram:bMahakavi Moyinkutty Vaidyar Mappila Kala Academy, Department of Cultural Affairs, Govt. of Kerala,c2015. a778p. aCollection Literature Malayalam aCollection Literature Moyinkutty Vaidyar aLiterature Malayalam aLiterature